<?xml version="1.0" encoding="UTF-8"?>
<record
    xmlns:xsi="http://www.w3.org/2001/XMLSchema-instance"
    xsi:schemaLocation="http://www.loc.gov/MARC21/slim http://www.loc.gov/standards/marcxml/schema/MARC21slim.xsd"
    xmlns="http://www.loc.gov/MARC21/slim">

  <leader>00719nam a2200229Ia 4500</leader>
  <controlfield tag="005">20220215123135.0</controlfield>
  <controlfield tag="008">210716s2009    xx            000 0 und d</controlfield>
  <datafield tag="020" ind1=" " ind2=" ">
    <subfield code="a">8178087413</subfield>
  </datafield>
  <datafield tag="040" ind1=" " ind2=" ">
    <subfield code="c">AIMIT LIBRARY</subfield>
  </datafield>
  <datafield tag="041" ind1=" " ind2=" ">
    <subfield code="a">eng</subfield>
  </datafield>
  <datafield tag="082" ind1=" " ind2=" ">
    <subfield code="a">519.5 </subfield>
    <subfield code="2">7th</subfield>
    <subfield code="b">LEVR</subfield>
  </datafield>
  <datafield tag="100" ind1=" " ind2=" ">
    <subfield code="a">Levin, Richard I.</subfield>
    <subfield code="9">19950</subfield>
  </datafield>
  <datafield tag="245" ind1=" " ind2=" ">
    <subfield code="a">Statistics for management /</subfield>
    <subfield code="c">By Richard I. Levin; Rubin, David S.</subfield>
  </datafield>
  <datafield tag="250" ind1=" " ind2=" ">
    <subfield code="a">7th ed.</subfield>
  </datafield>
  <datafield tag="260" ind1=" " ind2=" ">
    <subfield code="a">New Delhi :</subfield>
    <subfield code="b">Pearson Education ,</subfield>
    <subfield code="c">2009.</subfield>
  </datafield>
  <datafield tag="300" ind1=" " ind2=" ">
    <subfield code="a">xvi,1026,A-82p. ;</subfield>
    <subfield code="c">23.5 cm.</subfield>
  </datafield>
  <datafield tag="650" ind1=" " ind2=" ">
    <subfield code="a">Probability distributions</subfield>
    <subfield code="9">19951</subfield>
  </datafield>
  <datafield tag="650" ind1=" " ind2=" ">
    <subfield code="a">Sampling and sampling distributions</subfield>
    <subfield code="9">19952</subfield>
  </datafield>
  <datafield tag="650" ind1=" " ind2=" ">
    <subfield code="a">Estimation</subfield>
    <subfield code="9">19953</subfield>
  </datafield>
  <datafield tag="700" ind1=" " ind2=" ">
    <subfield code="a">Rubin, David S.</subfield>
    <subfield code="9">19954</subfield>
  </datafield>
  <datafield tag="942" ind1=" " ind2=" ">
    <subfield code="2">ddc</subfield>
    <subfield code="c">BK</subfield>
    <subfield code="e">7th</subfield>
    <subfield code="k">519.5 LEVR</subfield>
  </datafield>
  <datafield tag="999" ind1=" " ind2=" ">
    <subfield code="c">199309</subfield>
    <subfield code="d">199309</subfield>
  </datafield>
  <datafield tag="952" ind1=" " ind2=" ">
    <subfield code="0">0</subfield>
    <subfield code="1">0</subfield>
    <subfield code="2">ddc</subfield>
    <subfield code="4">0</subfield>
    <subfield code="7">0</subfield>
    <subfield code="8">MBA</subfield>
    <subfield code="a">AIMIT</subfield>
    <subfield code="b">AIMIT</subfield>
    <subfield code="d">2005-08-25</subfield>
    <subfield code="g">395.00</subfield>
    <subfield code="i">Bill no:2005/CRB/0001116; Bill d</subfield>
    <subfield code="l">0</subfield>
    <subfield code="o">519.5 LEVR</subfield>
    <subfield code="p">MBA01874</subfield>
    <subfield code="r">2026-05-23 00:00:00</subfield>
    <subfield code="v">316.00</subfield>
    <subfield code="w">2021-07-16</subfield>
    <subfield code="y">BK</subfield>
  </datafield>
  <datafield tag="952" ind1=" " ind2=" ">
    <subfield code="0">0</subfield>
    <subfield code="1">0</subfield>
    <subfield code="2">ddc</subfield>
    <subfield code="4">0</subfield>
    <subfield code="7">0</subfield>
    <subfield code="8">MBA</subfield>
    <subfield code="a">AIMIT</subfield>
    <subfield code="b">AIMIT</subfield>
    <subfield code="d">2005-09-15</subfield>
    <subfield code="g">395.00</subfield>
    <subfield code="i">Bill no:150; Bill dt:2005-09-12</subfield>
    <subfield code="l">0</subfield>
    <subfield code="o">519.5 LEVR</subfield>
    <subfield code="p">MBA01962</subfield>
    <subfield code="r">2026-05-23 00:00:00</subfield>
    <subfield code="v">316.00</subfield>
    <subfield code="w">2021-07-16</subfield>
    <subfield code="y">BK</subfield>
  </datafield>
  <datafield tag="952" ind1=" " ind2=" ">
    <subfield code="0">0</subfield>
    <subfield code="1">0</subfield>
    <subfield code="2">ddc</subfield>
    <subfield code="4">0</subfield>
    <subfield code="7">0</subfield>
    <subfield code="8">MBA</subfield>
    <subfield code="a">AIMIT</subfield>
    <subfield code="b">AIMIT</subfield>
    <subfield code="d">2005-09-15</subfield>
    <subfield code="g">395.00</subfield>
    <subfield code="i">Bill no:150; Bill dt:2005-09-12</subfield>
    <subfield code="l">0</subfield>
    <subfield code="o">519.5 LEVR</subfield>
    <subfield code="p">MBA01963</subfield>
    <subfield code="r">2026-05-23 00:00:00</subfield>
    <subfield code="v">316.00</subfield>
    <subfield code="w">2021-07-16</subfield>
    <subfield code="y">BK</subfield>
  </datafield>
  <datafield tag="952" ind1=" " ind2=" ">
    <subfield code="0">0</subfield>
    <subfield code="1">0</subfield>
    <subfield code="2">ddc</subfield>
    <subfield code="4">0</subfield>
    <subfield code="7">0</subfield>
    <subfield code="8">MBA</subfield>
    <subfield code="a">AIMIT</subfield>
    <subfield code="b">AIMIT</subfield>
    <subfield code="d">2005-09-15</subfield>
    <subfield code="g">395.00</subfield>
    <subfield code="i">Bill no:150; Bill dt:2005-09-12</subfield>
    <subfield code="l">0</subfield>
    <subfield code="o">519.5 LEVR</subfield>
    <subfield code="p">MBA01964</subfield>
    <subfield code="r">2026-05-23 00:00:00</subfield>
    <subfield code="v">316.00</subfield>
    <subfield code="w">2021-07-16</subfield>
    <subfield code="y">BK</subfield>
  </datafield>
  <datafield tag="952" ind1=" " ind2=" ">
    <subfield code="0">0</subfield>
    <subfield code="1">0</subfield>
    <subfield code="2">ddc</subfield>
    <subfield code="4">0</subfield>
    <subfield code="7">0</subfield>
    <subfield code="8">MBA</subfield>
    <subfield code="a">AIMIT</subfield>
    <subfield code="b">AIMIT</subfield>
    <subfield code="d">2009-10-12</subfield>
    <subfield code="g">510.00</subfield>
    <subfield code="i">Bill no:9879; Bill dt:2009-09-24</subfield>
    <subfield code="l">0</subfield>
    <subfield code="o">519.5 LEVR</subfield>
    <subfield code="p">MBA06571</subfield>
    <subfield code="r">2026-05-23 00:00:00</subfield>
    <subfield code="v">382.50</subfield>
    <subfield code="w">2021-07-16</subfield>
    <subfield code="y">BK</subfield>
  </datafield>
  <datafield tag="952" ind1=" " ind2=" ">
    <subfield code="0">0</subfield>
    <subfield code="1">0</subfield>
    <subfield code="2">ddc</subfield>
    <subfield code="4">0</subfield>
    <subfield code="7">0</subfield>
    <subfield code="8">MBA</subfield>
    <subfield code="a">AIMIT</subfield>
    <subfield code="b">AIMIT</subfield>
    <subfield code="d">2009-10-12</subfield>
    <subfield code="g">510.00</subfield>
    <subfield code="i">Bill no:9879; Bill dt:2009-09-24</subfield>
    <subfield code="l">0</subfield>
    <subfield code="o">519.5 LEVR</subfield>
    <subfield code="p">MBA06572</subfield>
    <subfield code="r">2026-05-23 00:00:00</subfield>
    <subfield code="v">382.50</subfield>
    <subfield code="w">2021-07-16</subfield>
    <subfield code="y">BK</subfield>
  </datafield>
  <datafield tag="952" ind1=" " ind2=" ">
    <subfield code="0">0</subfield>
    <subfield code="1">0</subfield>
    <subfield code="2">ddc</subfield>
    <subfield code="4">0</subfield>
    <subfield code="7">0</subfield>
    <subfield code="8">MBA</subfield>
    <subfield code="a">AIMIT</subfield>
    <subfield code="b">AIMIT</subfield>
    <subfield code="d">2009-10-12</subfield>
    <subfield code="g">510.00</subfield>
    <subfield code="i">Bill no:9879; Bill dt:2009-09-24</subfield>
    <subfield code="l">0</subfield>
    <subfield code="o">519.5 LEVR</subfield>
    <subfield code="p">MBA06573</subfield>
    <subfield code="r">2026-05-23 00:00:00</subfield>
    <subfield code="v">382.50</subfield>
    <subfield code="w">2021-07-16</subfield>
    <subfield code="y">BK</subfield>
  </datafield>
  <datafield tag="952" ind1=" " ind2=" ">
    <subfield code="0">0</subfield>
    <subfield code="1">0</subfield>
    <subfield code="2">ddc</subfield>
    <subfield code="4">0</subfield>
    <subfield code="7">0</subfield>
    <subfield code="8">MBA</subfield>
    <subfield code="a">AIMIT</subfield>
    <subfield code="b">AIMIT</subfield>
    <subfield code="d">2009-10-12</subfield>
    <subfield code="g">510.00</subfield>
    <subfield code="i">Bill no:9879; Bill dt:2009-09-24</subfield>
    <subfield code="l">1</subfield>
    <subfield code="o">519.5 LEVR</subfield>
    <subfield code="p">MBA06574</subfield>
    <subfield code="r">2026-05-23 00:00:00</subfield>
    <subfield code="s">2021-12-08</subfield>
    <subfield code="v">382.50</subfield>
    <subfield code="w">2021-07-16</subfield>
    <subfield code="y">BK</subfield>
  </datafield>
  <datafield tag="952" ind1=" " ind2=" ">
    <subfield code="0">0</subfield>
    <subfield code="1">0</subfield>
    <subfield code="2">ddc</subfield>
    <subfield code="4">0</subfield>
    <subfield code="7">0</subfield>
    <subfield code="8">MBA</subfield>
    <subfield code="a">AIMIT</subfield>
    <subfield code="b">AIMIT</subfield>
    <subfield code="d">2009-10-12</subfield>
    <subfield code="g">510.00</subfield>
    <subfield code="i">Bill no:9879; Bill dt:2009-09-24</subfield>
    <subfield code="l">0</subfield>
    <subfield code="o">519.5 LEVR</subfield>
    <subfield code="p">MBA06575</subfield>
    <subfield code="r">2026-05-23 00:00:00</subfield>
    <subfield code="v">382.50</subfield>
    <subfield code="w">2021-07-16</subfield>
    <subfield code="y">BK</subfield>
  </datafield>
  <datafield tag="952" ind1=" " ind2=" ">
    <subfield code="0">0</subfield>
    <subfield code="1">0</subfield>
    <subfield code="2">ddc</subfield>
    <subfield code="4">0</subfield>
    <subfield code="7">0</subfield>
    <subfield code="8">MBA</subfield>
    <subfield code="a">AIMIT</subfield>
    <subfield code="b">AIMIT</subfield>
    <subfield code="d">2009-10-12</subfield>
    <subfield code="g">510.00</subfield>
    <subfield code="i">Bill no:9879; Bill dt:2009-09-24</subfield>
    <subfield code="l">0</subfield>
    <subfield code="o">519.5 LEVR</subfield>
    <subfield code="p">MBA06576</subfield>
    <subfield code="r">2021-07-16 00:00:00</subfield>
    <subfield code="v">382.50</subfield>
    <subfield code="w">2021-07-16</subfield>
    <subfield code="y">BK</subfield>
  </datafield>
  <datafield tag="952" ind1=" " ind2=" ">
    <subfield code="0">0</subfield>
    <subfield code="1">0</subfield>
    <subfield code="2">ddc</subfield>
    <subfield code="4">0</subfield>
    <subfield code="7">0</subfield>
    <subfield code="8">MBA</subfield>
    <subfield code="a">AIMIT</subfield>
    <subfield code="b">AIMIT</subfield>
    <subfield code="d">2009-10-12</subfield>
    <subfield code="g">510.00</subfield>
    <subfield code="i">Bill no:9879; Bill dt:2009-09-24</subfield>
    <subfield code="l">0</subfield>
    <subfield code="o">519.5 LEVR</subfield>
    <subfield code="p">MBA06577</subfield>
    <subfield code="r">2026-05-23 00:00:00</subfield>
    <subfield code="v">382.50</subfield>
    <subfield code="w">2021-07-16</subfield>
    <subfield code="y">BK</subfield>
  </datafield>
  <datafield tag="952" ind1=" " ind2=" ">
    <subfield code="0">0</subfield>
    <subfield code="1">0</subfield>
    <subfield code="2">ddc</subfield>
    <subfield code="4">0</subfield>
    <subfield code="7">0</subfield>
    <subfield code="8">MBA</subfield>
    <subfield code="a">AIMIT</subfield>
    <subfield code="b">AIMIT</subfield>
    <subfield code="d">2009-10-12</subfield>
    <subfield code="g">510.00</subfield>
    <subfield code="i">Bill no:9879; Bill dt:2009-09-24</subfield>
    <subfield code="l">0</subfield>
    <subfield code="o">519.5 LEVR</subfield>
    <subfield code="p">MBA06578</subfield>
    <subfield code="r">2026-05-23 00:00:00</subfield>
    <subfield code="v">382.50</subfield>
    <subfield code="w">2021-07-16</subfield>
    <subfield code="y">BK</subfield>
  </datafield>
  <datafield tag="952" ind1=" " ind2=" ">
    <subfield code="0">0</subfield>
    <subfield code="1">0</subfield>
    <subfield code="2">ddc</subfield>
    <subfield code="4">0</subfield>
    <subfield code="7">0</subfield>
    <subfield code="8">MBA</subfield>
    <subfield code="a">AIMIT</subfield>
    <subfield code="b">AIMIT</subfield>
    <subfield code="d">2009-10-12</subfield>
    <subfield code="g">510.00</subfield>
    <subfield code="i">Bill no:9879; Bill dt:2009-09-24</subfield>
    <subfield code="l">0</subfield>
    <subfield code="o">519.5 LEVR</subfield>
    <subfield code="p">MBA06579</subfield>
    <subfield code="r">2026-05-23 00:00:00</subfield>
    <subfield code="v">382.50</subfield>
    <subfield code="w">2021-07-16</subfield>
    <subfield code="y">BK</subfield>
  </datafield>
  <datafield tag="952" ind1=" " ind2=" ">
    <subfield code="0">0</subfield>
    <subfield code="1">0</subfield>
    <subfield code="2">ddc</subfield>
    <subfield code="4">0</subfield>
    <subfield code="7">0</subfield>
    <subfield code="8">MBA</subfield>
    <subfield code="a">AIMIT</subfield>
    <subfield code="b">AIMIT</subfield>
    <subfield code="d">2009-10-12</subfield>
    <subfield code="g">510.00</subfield>
    <subfield code="i">Bill no:9879; Bill dt:2009-09-24</subfield>
    <subfield code="l">0</subfield>
    <subfield code="o">519.5 LEVR</subfield>
    <subfield code="p">MBA06580</subfield>
    <subfield code="r">2026-05-23 00:00:00</subfield>
    <subfield code="v">382.50</subfield>
    <subfield code="w">2021-07-16</subfield>
    <subfield code="y">BK</subfield>
  </datafield>
  <datafield tag="952" ind1=" " ind2=" ">
    <subfield code="0">0</subfield>
    <subfield code="1">0</subfield>
    <subfield code="2">ddc</subfield>
    <subfield code="4">0</subfield>
    <subfield code="7">0</subfield>
    <subfield code="8">MBA</subfield>
    <subfield code="a">AIMIT</subfield>
    <subfield code="b">AIMIT</subfield>
    <subfield code="d">2009-10-12</subfield>
    <subfield code="g">510.00</subfield>
    <subfield code="i">Bill no:9879; Bill dt:2009-09-24</subfield>
    <subfield code="l">0</subfield>
    <subfield code="o">519.5 LEVR</subfield>
    <subfield code="p">MBA06581</subfield>
    <subfield code="r">2026-05-23 00:00:00</subfield>
    <subfield code="v">382.50</subfield>
    <subfield code="w">2021-07-16</subfield>
    <subfield code="y">BK</subfield>
  </datafield>
  <datafield tag="952" ind1=" " ind2=" ">
    <subfield code="0">0</subfield>
    <subfield code="1">0</subfield>
    <subfield code="2">ddc</subfield>
    <subfield code="4">0</subfield>
    <subfield code="7">0</subfield>
    <subfield code="8">MBA</subfield>
    <subfield code="a">AIMIT</subfield>
    <subfield code="b">AIMIT</subfield>
    <subfield code="d">2009-10-12</subfield>
    <subfield code="g">510.00</subfield>
    <subfield code="i">Bill no:9879; Bill dt:2009-09-24</subfield>
    <subfield code="l">0</subfield>
    <subfield code="o">519.5 LEVR</subfield>
    <subfield code="p">MBA06582</subfield>
    <subfield code="r">2026-05-23 00:00:00</subfield>
    <subfield code="v">382.50</subfield>
    <subfield code="w">2021-07-16</subfield>
    <subfield code="y">BK</subfield>
  </datafield>
  <datafield tag="952" ind1=" " ind2=" ">
    <subfield code="0">0</subfield>
    <subfield code="1">0</subfield>
    <subfield code="2">ddc</subfield>
    <subfield code="4">0</subfield>
    <subfield code="7">3</subfield>
    <subfield code="8">MBA</subfield>
    <subfield code="a">AIMIT</subfield>
    <subfield code="b">AIMIT</subfield>
    <subfield code="d">2009-10-12</subfield>
    <subfield code="g">510.00</subfield>
    <subfield code="i">Bill no:9879; Bill dt:2009-09-24</subfield>
    <subfield code="l">0</subfield>
    <subfield code="o">519.5 LEVR</subfield>
    <subfield code="p">MBA06583</subfield>
    <subfield code="r">2025-07-21 00:00:00</subfield>
    <subfield code="v">382.50</subfield>
    <subfield code="w">2021-07-16</subfield>
    <subfield code="y">BK</subfield>
  </datafield>
  <datafield tag="952" ind1=" " ind2=" ">
    <subfield code="0">0</subfield>
    <subfield code="1">0</subfield>
    <subfield code="2">ddc</subfield>
    <subfield code="4">0</subfield>
    <subfield code="7">0</subfield>
    <subfield code="8">MBA</subfield>
    <subfield code="a">AIMIT</subfield>
    <subfield code="b">AIMIT</subfield>
    <subfield code="d">2009-10-12</subfield>
    <subfield code="g">510.00</subfield>
    <subfield code="i">Bill no:9879; Bill dt:2009-09-24</subfield>
    <subfield code="l">0</subfield>
    <subfield code="o">519.5 LEVR</subfield>
    <subfield code="p">MBA06584</subfield>
    <subfield code="r">2026-05-23 00:00:00</subfield>
    <subfield code="v">382.50</subfield>
    <subfield code="w">2021-07-16</subfield>
    <subfield code="y">BK</subfield>
  </datafield>
</record>
